| 000 | 00438nam a2200181Ia 4500 | ||
|---|---|---|---|
| 001 | 21169 | ||
| 005 | 20260306172859.0 | ||
| 008 | 260306t2005||||xx |||||||||||||| ||spa|| | ||
| 041 | _aESP | ||
| 082 |
_a344G _bP75 |
||
| 100 |
_aPolaino Navarrete, Miguel _eAUT |
||
| 245 | 0 | _aInstituciones de derecho penal | |
| 260 | _c2005 | ||
| 300 |
_axxii, 690 páginas : _c24 cm. |
||
| 650 | _aGEN | ||
| 654 | _aCDE | ||
| 942 |
_cLIB _dJUS _fJUS _2ddc _n |
||
| 999 |
_c21169 _d21169 |
||